=LDR 00000nam 2200000 4500 =001 NUTBA000000000003533 =005 20140821104817.0 =006 =007 =008 =035 ##$$0010-081400000000378 =040 ##$$a NBPDMAT =082 ##$$a 372.7 =090 ##$$a 372.7 $b Tim b =100 ##$$a Tim Kreatif Guru =245 ##$$a Ayo menulis angka satu dua tiga / $c Tim Kreatif Guru { s.l } =260 ##$$a Pustaka Agung, ( s.l ) =300 ##$$a 32 hlm. : $b ilus. ; $c 27 cm. =650 ##$$a Manulis - TK =850 ##$$a NBPDMAT =990 ##$$a 21406242 =990 ##$$a 0001/BPAP-NTB/20142014 =990 ##$$a 0001/BPAP-NTB/2016